000 00624nam a2200229 i 4500
001 C2-0228275
003 PPAK
005 20180728155422.0
008 000813s1961 si a|||| ||||| | may d
040 _aPPAK
_beng
_cPPAK
_erda
082 0 4 _a899.233
_223
090 0 0 _a899.233
_bKAL
_dKSI
100 0 _aKalam Hamidy,
_eauthor
245 1 0 _aSeruling gembala
264 1 _aSingapura :
_bMalaya Publishing House ,
_c1961
300 _a209 pages :
_billustrations ;
_c19 cm
336 _2rdacontent
_atext
337 _2rdamedia
_aunmediated
338 _2rdacarrier
_avolume
650 1 0 _aMalay fiction
942 _ddc
_cB
999 _c148158
_d148158